| 000 | 00719nam a2200229Ia 4500 | ||
|---|---|---|---|
| 001 | 9850 | ||
| 003 | GE_BSU | ||
| 008 | 181216s||||||||xx |||||||||||||| ||und|| | ||
| 020 | _a9789994093106 | ||
| 040 | _cGE_BSU | ||
| 080 | _a821.353.1–1 | ||
| 100 | _aგორგილაძე,ზურაბ | ||
| 245 | _a100 ლექსი | ||
| 245 | _cშემდგ.მიხეილ მახარაძე.საგამომც.პროექტის ავტ.კახმეგ კუდავა | ||
| 260 | _aთბილისი | ||
| 260 | _bინტელექტი | ||
| 260 | _c2007 | ||
| 300 | _a123გვ.20სმ. | ||
| 541 | _h5ლ.70თ. | ||
| 653 | _a100 ლექსი | ||
| 942 | _cBK | ||
| 999 |
_c43129 _d43129 |
||